000 nam a22 a 4500
999 _c3563
_d3563
005 20170523111754.0
008 170523b1984 xxu||||| |||| 00| 0 eng d
020 _a0675201039
040 _aAKMAL
082 _a658.8 HIS
090 _a658.8
_bHIS
100 _aHise, Richard T.
_97092
245 _aCases in marketing strategy /
_cRichard T. Hise, Stephen W. McDaniel.
260 _aColumbus, Ohio
_bMerrill
_cc1984.
300 _ccm
650 _aMarketing
_xManagement
_xCase studies.
_97093
700 _aMcDaniel, Stephen W.
_97094
942 _2ddc
_cBOOK